Objavujú sa náznaky oživenia priemyselnej výroby Rozhodujúcim zdrojom v ZTS Elektronika v Dubnici nad Váhom je tvorivý ľudský potenciál

Bibliographic Details
Main Author: Ertlová, Eva, 1931- (Author)
Format: Article
Language:Slovak
Subjects:

MARC

LEADER 00000nab a2200000 a 4500
001 vtls000597265
003 SK-MaSNL
005 20260305014509.0
008 160202c1996 xo 0 slo
015 |a SNBRB19rr/mm-uuuuu 
035 |a CL0597404 
040 |a SNKBUCL  |b slo  |c SNKBUCL  |e AACR2 
041 0 |a slo 
044 |a xo  |c SK 
080 |a 621.3:061.5(437.6)  |2 1981 
100 1 |a Ertlová, Eva,  |d 1931-  |4 aut  |9 37711 
245 1 0 |a Objavujú sa náznaky oživenia priemyselnej výroby  |b Rozhodujúcim zdrojom v ZTS Elektronika v Dubnici nad Váhom je tvorivý ľudský potenciál  |c Eva Ertlová 
610 2 7 |a Závody ťažkého strojárstva (Dubnica nad Váhom, Slovensko)  |2 snkbucl  |9 35484 
651 7 |a 5307  |2 snkbucl  |9 284648 
655 7 |a články z novín a časopisov  |2 snkbucl  |9 267496 
773 0 |t Práca  |g Roč. 51, č. 219 (19. 9. 1996), s. 1-2 
850 |a Slovenská národná knižnica v Martine  |a MTA001 
852 |a SNK  |b KIS3GCP 
958 |a RK 
958 |a SK 
992 |a RBX 
999 |c 3269863  |d 3271793